अनुसूचित जाति महिला एव इलेक्ट्रानिक मीडिया/ (Record no. 205555)

MARC details
000 -LEADER
fixed length control field 00956nam a22002297a 4500
005 - DATE AND TIME OF LATEST TRANSACTION
control field 20240904165917.0
010 ## - LCCN (DPL NO)
LC control number HIN-128353
020 ## - INTERNATIONAL STANDARD BOOK NUMBER
Terms of availability 695.00
International Standard Book Number 9789393247919
035 ## - SYSTEM CONTROL NUMBER
System control number HN-100699
037 ## - SOURCE OF ACQUISITION
Source of stock number/acquisition DBAD
082 ## - DEWEY DECIMAL CLASSIFICATION NUMBER
Classification number 305.562
100 ## - MAIN ENTRY--PERSONAL NAME
Personal name कुमारी पल्लवी
245 ## - TITLE STATEMENT
Title अनुसूचित जाति महिला एव इलेक्ट्रानिक मीडिया/
Statement of responsibility, etc पल्लवी कुमारी
250 ## - EDITION STATEMENT
Edition statement 1
260 ## - PUBLICATION, DISTRIBUTION, ETC. (IMPRINT)
Place of publication, distribution, etc दिल्ली
Name of publisher, distributor, etc अंकुर बुक डिस्ट्रीब्यूटस
Date of publication, distribution, etc 2024
270 ## - ADDRESS
Address 526, प्रथम तल, स्ट्रीट न. 5, विजय पार्क मौजपुर
City दिल्ली
Postal code 110053
Telephone number 7503082286
300 ## - PHYSICAL DESCRIPTION
Extent 219 पृ0
Dimensions 22 सेमी (सजिल्द)
700 ## - ADDED ENTRY--PERSONAL NAME
9 (RLIN) 71000
700 ## - ADDED ENTRY--PERSONAL NAME
9 (RLIN) 71001
700 ## - ADDED ENTRY--PERSONAL NAME
9 (RLIN) 71002
942 ## - ADDED ENTRY ELEMENTS (KOHA)
Source of classification or shelving scheme Dewey Decimal Classification
Item type Hindi Books
Classification part 305.562
Call number suffix पल्लवी
Holdings
Withdrawn status Lost status Not for loan Collection code Home library Current library Date acquired Source of acquisition Cost, normal purchase price Full call number Barcode Copy number Cost, replacement price Koha item type
      Non-fiction Bawana Bawana 04/09/2024 DBAD 695.00 305.562 पल्लवी HN-100699 1 695.00 Hindi Books

© Delhi Public Library
Hit Counter
free hit counter